000 01156nam1a2200289 4500
001 RU\NLR\BIBL_A\022443834
005 20250807185455.0
035 _a(NLR Aleph) 022443834
090 _a80238
_c80238
100 _a20250807 rusy50
101 0 _akaz
102 _aKZ
105 _aab z 000 y
181 0 _ai
_baxxe
182 0 _an
200 1 _aГеография
_eбастауыш мектептіӊ ... арналған оқу қӯралы
_fЛ. Г. Терехова мен В. Г. Эрдели
203 _aТекст
_bвизуальный
_cнепосредственный
210 _aАлматы
_cҚазақбірікмембас.
_d1941
215 _d22
541 1 _aГеография
_eучебник для нач. шк.
_zrus
700 1 _aТерехова
_bЛ. Г.
_gЛидия Григорьевна
_3RU\NLR\AUTH\770278601
_4070
701 1 _aЭрдели
_bВ. Г.
_f1886-1968
_gВладимир Георгиевич
_3RU\NLR\AUTH\770268140
_4070
852 _aNLR
_bОНЛ
_jКазах./3-1160
942 _cBOOK
945 _aРоссийская национальная библиотека
980 _aBV